| 000 | 00550nam a2200205Ia 4500 | ||
|---|---|---|---|
| 003 | GCL | ||
| 008 | 140319s9999 xx 000 0 eng d | ||
| 040 |
_aGCL / _cGCL |
||
| 082 | 0 | 4 |
_a660.63 _bT I |
| 100 | 1 | _aTOSA, TETSUYA | |
| 245 | 1 | 0 |
_aINDUSTRIAL APPLICATION OF IMMOBZED BIOCATLYSTS / _cTOSA, TETSUYA |
| 700 | 1 | _aTANAKA, ATSUO | |
| 700 | 1 | _aHOBAYSHI, TAKESHI | |
| 260 |
_a[S.N] : _bMARCEL DEKKER, INC ، _c1993 |
||
| 300 | _a404 P | ||
| 650 | 0 | 4 | _aBIOREACTORS |
| 650 | 0 | 4 | _aIMMOLIZED CELLS |
| 650 | 0 | 4 | _aIMMOBBZED ENZYMES |
| 942 |
_2ddc _cBK |
||
| 999 |
_c23863 _d23863 |
||